000 00517nab a22001457 4500
003 ES-SlBCS
005 20221209141620.0
008 181008s2018 sp ||||| |||| 00| 0 spa d
040 _aES-SlBCS
_bspa
041 _aspa
100 1 _aIlo, Stan Chu
_9111280
245 1 3 _aLa Iglesia del futuro en África. Un camino hacia la praxis de la eclesiología iluminativa del papa Francisco en el catolicismo africano
_cStan Chu Ilo
773 0 _gNúm. 377, 2018, págs. 63-76
_tConcilium
_wRev134
_x0210-1041
942 _2lcc
_cAR
999 _c476510
_d476510